Berni en Nueva York (Registro nro. 2424)

000 -CABECERA
campo de control de longitud fija 00667nab a2200301Ia 4500
001 - NÚMERO DE CONTROL
campo de control 2741
008 - DATOS DE LONGITUD FIJA--INFORMACIÓN GENERAL
campo de control de longitud fija 191123s9999 xx 000 0 und d
041 ## - CÓDIGO DE LENGUA
Código de lengua del texto/banda sonora o título independiente spa
044 ## - CÓDIGO DEL PAÍS DE LA ENTIDAD EDITORA/PRODUCTORA
Código MARC del país ag
100 ## - ENTRADA PRINCIPAL--NOMBRE DE PERSONA
Nombre de persona Arteaga, Alicia de,
260 ## - PUBLICACIÓN, DISTRIBUCIÓN, ETC.
Lugar de publicación, distribución, etc. Buenos Aires :
Nombre del editor, distribuidor, etc. [s.n.],
245 #0 - MENCIÓN DE TÍTULO
Título Berni en Nueva York
490 #0 - MENCIÓN DE SERIE
Mención de serie La Nación
650 ## - PUNTO DE ACCESO ADICIONAL DE MATERIA--TÉRMINO DE MATERIA
Término de materia o nombre geográfico como elemento de entrada ARGENTINA
650 ## - PUNTO DE ACCESO ADICIONAL DE MATERIA--TÉRMINO DE MATERIA
Término de materia o nombre geográfico como elemento de entrada BERNI, ANTONIO
650 ## - PUNTO DE ACCESO ADICIONAL DE MATERIA--TÉRMINO DE MATERIA
Término de materia o nombre geográfico como elemento de entrada CHRISTIE'S, NUEVA YORK
650 ## - PUNTO DE ACCESO ADICIONAL DE MATERIA--TÉRMINO DE MATERIA
Término de materia o nombre geográfico como elemento de entrada ESTADOS UNIDOS
650 ## - PUNTO DE ACCESO ADICIONAL DE MATERIA--TÉRMINO DE MATERIA
Término de materia o nombre geográfico como elemento de entrada PINTURAS
650 ## - PUNTO DE ACCESO ADICIONAL DE MATERIA--TÉRMINO DE MATERIA
Término de materia o nombre geográfico como elemento de entrada SOTHEBY'S, NUEVA YORK
650 ## - PUNTO DE ACCESO ADICIONAL DE MATERIA--TÉRMINO DE MATERIA
Término de materia o nombre geográfico como elemento de entrada SUBASTAS
902 ## - ELEMENTOS DE DATOS B LOCAL, LDB (RLIN)
a S
903 ## - ELEMENTOS DE DATOS C LOCAL, LDC (RLIN)
a a
904 ## - ELEMENTOS DE DATOS D LOCAL, LDD (RLIN)
a as
907 ## - ELEMENTOS DE DATOS G LOCAL, LDG (RLIN)
a Impreso
920 ## -
-- 24-5-98
942 ## - ELEMENTOS DE PUNTO DE ACCESO ADICIONAL (KOHA)
Tipo de ítem Koha Analítica
Existencias
Estado de retiro Estado de pérdida Estado dañado No para préstamo Localización permanente Ubicación/localización actual Fecha de adquisición Signatura topográfica completa Fecha visto por última vez Precio válido a partir de Tipo de ítem Koha
        Biblioteca Horacio Butler Biblioteca Horacio Butler 2019-11-23 RECORTES 7 2019-11-23 2019-11-23 Analítica
        Biblioteca Horacio Butler Biblioteca Horacio Butler 2019-11-23 RECORTES 7 2019-11-23 2019-11-23 Analítica

Con tecnología Koha